000 00406nam a2200169Ia 4500
005 20250809141247.0
008 191130s2000##################000#0#eng##
020 _a9781841490250
082 _a823.914 HOL
100 _aHolt, Tom
245 _aDead funny
_cTom Holt
250 _a1st ed
260 _aLondon
_bOrbit
_c2000
300 _a570 p. ; 20 cm
650 _aEnglish Fiction
942 _cENGLISH
999 _c145426
_d145426